Estrategias para trabajar con la diversidad en el aula

Zapisane w:
Opis bibliograficzny
1. autor: Tomlinson, Carol Ann (Autor)
Format: Książka
Język:hiszpański
Wydane: Buenos Aires Paidós 2005
Wydanie:1a. ed
Seria:Redes en Educación, 9
Hasła przedmiotowe:
Etykiety: Dodaj etykietę
Nie ma etykietki, Dołącz pierwszą etykiete!

MARC

LEADER 00000nam a2200000 a 4500
001 UCH3752
003 CL-VaPUC
008 090813e20050000AG |||||||||||||||||spa|d
020 |a 9501255093 
082 0 4 |a 371.27  |b TOM  |2 21 
100 0 |a Tomlinson, Carol Ann  |e author  |9 539233 
245 1 0 |a Estrategias para trabajar con la diversidad en el aula 
250 |a 1a. ed 
300 |a 218 p 
942 |c BK 
945 |d 20090813 00:00:00  |a dcastane 
260 |a Buenos Aires  |b Paidós  |c 2005 
650 0 |a Formación profesional de profesores  |9 307493 
650 0 |a Psicología del aprendizaje  |9 306854 
650 0 |a Métodos de enseñanza  |9 270413 
583 |a last modification  |c 20170927 11:36:00  |k Rodrigo Vera 
490 0 |a Redes en Educación, 9 
999 |c 335185  |d 335183 
952 |0 0  |1 0  |4 0  |6 371_270000000000000_TOM_2005  |7 0  |8 A  |9 424863  |a BIBHIS  |b BIBHIS  |d 2019-11-22  |i 4589017  |l 2  |m 1  |o 371.27 TOM 2005  |p 4589017  |r 2025-01-20  |s 2022-12-21  |w 2019-11-22  |y BK  |k HIS 
952 |0 0  |1 0  |4 0  |6 371_270000000000000_TOM_2005  |7 0  |8 A  |9 424864  |a BIBEDU  |b BIBEDU  |d 2019-11-22  |i 4719581  |l 1  |o 371.27 TOM 2005  |p 4719581  |r 2024-03-13  |s 2024-03-13  |w 2019-11-22  |y BK  |k BME